| 000 | 00673nam a2200229 a 4500 | ||
|---|---|---|---|
| 001 | 3620 | ||
| 003 | CDMR | ||
| 005 | 20140301191801.0 | ||
| 008 | 130130s2005||||||||||||||||||||||||||||d | ||
| 020 | _a8496364380 | ||
| 040 |
_aCDMR _bcat _cCDMR |
||
| 100 | 1 |
_aBernstein, Carl _9729 |
|
| 245 | 1 | 0 |
_aTodos los hombres del Presidente _cCarl Bernstein y Bob Woodward |
| 260 |
_aBarcelona _c2005 _bInédita Editores |
||
| 300 | _a431 p. | ||
| 490 | 0 | _aHistoria Inédita | |
| 650 | 0 | 4 |
_9797 _aReportatges literaris |
| 650 | 0 | 4 |
_94228 _aEstats Units d'Amèrica _xPolítica i govern _yS. XX |
| 650 | 0 | 4 |
_93765 _aCorrupció política |
| 700 | 1 |
_92998 _aWoodward, Bob |
|
| 942 |
_cMON _2udc |
||
| 999 |
_c3620 _d3620 |
||